The Mountbattens: (Record no. 512210)

000 -LEADER
fixed length control field 00432nam a22001457a 4500
020 ## - INTERNATIONAL STANDARD BOOK NUMBER
International Standard Book Number 9781788703338
082 ## - DEWEY DECIMAL CLASSIFICATION NUMBER
Classification number A99 M864\L954
100 ## - MAIN ENTRY--PERSONAL NAME
Personal name Lownie, Andrew
9 (RLIN) 13185
245 ## - TITLE STATEMENT
Title The Mountbattens:
Remainder of title their lives and loves
Statement of responsibility, etc by Andrew Lownie
260 ## - PUBLICATION, DISTRIBUTION, ETC. (IMPRINT)
Place of publication, distribution, etc New Delhi
Name of publisher, distributor, etc Blink
Date of publication, distribution, etc 2019
300 ## - PHYSICAL DESCRIPTION
Extent 490p.
650 ## - SUBJECT ADDED ENTRY--TOPICAL TERM
Topical term or geographic name as entry element Mountbatten family.
9 (RLIN) 13459
650 ## - SUBJECT ADDED ENTRY--TOPICAL TERM
Topical term or geographic name as entry element Nobility -- Great Britain -- Biography.
9 (RLIN) 13460
650 ## - SUBJECT ADDED ENTRY--TOPICAL TERM
Topical term or geographic name as entry element Nobility.
9 (RLIN) 13461
Holdings
Withdrawn status Lost status Source of classification or shelving scheme Damaged status Koha normalized classification for sorting Not for loan Permanent location Current location Date acquired Total Checkouts Full call number Barcode Date last seen Date last borrowed Price effective from Koha item type
        A_99_000000000000000_M864L954   Indian Institute of Public Administration Indian Institute of Public Administration 2019-11-15 1 A99 M864\L954 88271 2020-12-02 2019-11-26 2019-11-15 Book

Powered by Koha